Longest Word by Language - Statistics

General Stats
  • This quiz has been taken 44 times
  • The average score is 6 of 9
Answer Stats
Hint Answer % Correct
Pneumonoultramicroscopicsilicovolcanoconiosis English
91%
Тетра­гидро­пиранил­цикло­пентил­тетра­гидро­пиридо­пириди­новая Russian
91%
Ηλεκτροεγκεφαλογράφημα Greek
84%
लौहपथगामिनीसूचकदर्शकहरितताम्रलौहपट्टिका Hindi
75%
Precipitevolissimevolmente Italian
72%
Kinder­carnavals­optocht­voorbereidings­werkzaamheden­plan Dutch
66%
Esternocleidomastoideitis Spanish
59%
Prijestolonasljednikovičičinima Croatian
50%
Grianghrafadóireacht Irish
50%
No matching quizzes found
Score Distribution
Percent of People with Each Score
Percentile by Number Answered
Your Score History
You have not taken this quiz